000
00347nam a2200133 a 4500
005
20140412111419.0
008
070906s19uu xx 00 eng d
020
_a
983-00-1902-0
050
_a
TR(GS 372.3
_b
P91 2007
245
_a
Pre-Primary Science.Ages 5-7.
260
_a
Malaysia :
_b
Pelangi books,
_c
2006.
300
_a
96p.
999
_c
105947
_d
105947